| 000 | 00570nam a2200157 4500 | ||
|---|---|---|---|
| 001 | 4011 | ||
| 005 | 20181127172424.0 | ||
| 090 | 0 | 0 | _a657.0218 B5759f 2014 |
| 110 |
_aRoyal Government of Bhutan. _b _c _d _e _n _p |
||
| 245 | 0 | 0 |
_aThe first report of the AASBB / _bAccounting and auditing standards board of Bhutan responding to a changing world / _cRoyal Government of Bhutan. _h |
| 260 | 0 | 0 |
_aThimphu : _bRoyal Government of Bhutan. _c |
| 300 | 0 | 0 | _aiv, 23 p. ; 24 cm. |
| 650 | 0 | 0 |
_aAccounting --Standards. _x |
| 650 | 0 | 0 |
_aBhutan. _x |
| 650 | 0 | 0 |
_aFinancial statements --Standards. _x |
| 999 |
_c3277 _d3277 |
||